Účtovanie cenných papierov
Právne predpisy, ktoré upravujú cenné papiere. Triedenie cenných papierov. Oceňovanie cenných papierov a vkladov. Ilustračné príklady.
Guardado en:
| Autor principal: | |
|---|---|
| Formato: | Capítulo de libro |
| Lenguaje: | eslovaco |
| Materias: | |
| Etiquetas: |
Sin Etiquetas, Sea el primero en etiquetar este registro!
|
MARC
| LEADER | 00000naa a2200000 4500 | ||
|---|---|---|---|
| 001 | 0258694 | ||
| 005 | 20191003104002.2 | ||
| 041 | 0 | |a slo | |
| 044 | |a SK | ||
| 245 | 1 | 0 | |a Účtovanie cenných papierov |c Anton Kolembus |
| 520 | |a Právne predpisy, ktoré upravujú cenné papiere. Triedenie cenných papierov. Oceňovanie cenných papierov a vkladov. Ilustračné príklady. | ||
| 610 | 2 | 0 | |a papiere cenné |
| 610 | 2 | 0 | |a predpisy právne |
| 610 | 2 | 0 | |a pravidlá účtovné |
| 610 | 2 | 0 | |a oceňovanie |
| 610 | 2 | 0 | |a zákonník obchodný |
| 610 | 2 | 0 | |a vklady |
| 100 | 1 | |a Kolembus, Anton | |